书目信息 |
| 题名: |
小学语文习作课程可以这样做
|
|
| 作者: | 王琦 著 | |
| 分册: | ||
| 出版信息: | 北京 北京师范大学出版社 2020.6 |
|
| 页数: | 190页 | |
| 开本: | 24cm | |
| 丛书名: | 中小学语文教学指导丛书 | |
| 单 册: | ||
| 中图分类: | G623.242 | |
| 科图分类: | ||
| 主题词: | 作文课--教学研究--小学 | |
| 电子资源: | ||
| ISBN: | 978-7-303-25645-7 | |
| 000 | 01078nam0 2200265 45 | |
| 001 | 012001000849 | |
| 005 | 20140820094531.0 | |
| 010 | @a978-7-303-25645-7@dCNY46.00 | |
| 100 | @a20201016d2020 em y0chiy0110 ea | |
| 101 | 0 | @achi |
| 102 | @aCN@b110000 | |
| 105 | @ay z 000yy | |
| 106 | @ar | |
| 200 | 1 | @a小学语文习作课程可以这样做@Axiao xue yu wen xi zuo ke cheng ke yi zhe yang zuo@f王琦著 |
| 210 | @a北京@c北京师范大学出版社@d2020.6 | |
| 215 | @a190页@d24cm | |
| 225 | 2 | @a中小学语文教学指导丛书@f吴欣歆主编 |
| 330 | @a本书聚焦小学语文习作教学的改进,从过程性小学语文习作课程设计的背景入手,建构课程的内容,设计课程的教学环节,完成课程的课型探索,设计课程的评价体系,从而形成有序高效的过程性小学语文习作课程,即将“功能化的阅读、主题化的实践活动与个性化的习作”三者有机整合的习作课程。 | |
| 410 | 0 | @12001 @a中小学语文教学指导丛书 |
| 461 | 0 | @12001 @a中小学语文教学指导丛书@1701 0@a吴欣歆主编 |
| 606 | 0 | @a作文课@x教学研究@x小学 |
| 690 | @aG623.242@v5 | |
| 701 | 0 | @a王琦@Awang qi@4著 |
| 801 | @aCN@bAHXH@c20210922 | |
| 905 | @b1250165-9@dG623.242@e1530@f5 | |
| 小学语文习作课程可以这样做/王琦著.-北京:北京师范大学出版社,2020.6 |
| 190页;24cm.-(中小学语文教学指导丛书/吴欣歆主编) |
| ISBN 978-7-303-25645-7:CNY46.00 |
| 本书聚焦小学语文习作教学的改进,从过程性小学语文习作课程设计的背景入手,建构课程的内容,设计课程的教学环节,完成课程的课型探索,设计课程的评价体系,从而形成有序高效的过程性小学语文习作课程,即将“功能化的阅读、主题化的实践活动与个性化的习作”三者有机整合的习作课程。 |
| ● |
| 相关链接 |
|
|
|
|
正题名:小学语文习作课程可以这样做
索取号:G623.242/1530
 
预约/预借
| 序号 | 登录号 | 条形码 | 馆藏地/架位号 | 状态 | 备注 |
| 1 | 1250165 | 212501657 | 第一样本阅览室/ [索取号:G623.242/1530] | 在馆 | |
| 2 | 1250166 | 212501666 | 教育系资料室/ [索取号:G623.242/1530] | 在馆 | |
| 3 | 1250167 | 212501675 | 教育系资料室/ [索取号:G623.242/1530] | 在馆 | |
| 4 | 1250168 | 212501684 | 第四借阅区/ [索取号:G623.242/1530] | 在馆 | |
| 5 | 1250169 | 212501693 | 第四借阅区/ [索取号:G623.242/1530] | 在馆 |